Il sacro rito della solenne coronazione del sommo pontefice Pio VIII. Nella patriarcale basilica vaticana

Detalles Bibliográficos
Formato: Libro
Lenguaje:Undetermined
Italian
Publicado: Roma : nella stamperia di Domenico Ercole, 1829.
Materias:
Colección:Banco de datos
Acervo:Biblioteca Palafoxiana. Colección bibliográfica
Descripción Física:88, [1] p. ; 4°
Tema general:Liturgia
Notas:Número de localización: 35859
LEADER 00545nam a2200157Ia 4500
008 150723s9999 xx 000 0 und d
041 0 |a ita 
050 0 |a PAFX BV175 S3 
245 1 0 |a Il sacro rito della solenne coronazione del sommo pontefice Pio VIII. Nella patriarcale basilica vaticana 
260 |a Roma : nella stamperia di Domenico Ercole, 1829. 
300 |a 88, [1] p. ; 4° 
500 |a Número de localización: 35859 
650 1 0 |a Liturgia 
942 |c PALALIB 
943 |g Biblioteca Palafoxiana. Colección bibliográfica 
999 |c 1065936  |d 1065936